| 000 | 00506nam a22001937a 4500 | ||
|---|---|---|---|
| 003 | CEME | ||
| 005 | 20210628204057.0 | ||
| 008 | 210111b xxu||||| |||| 00| 0 eng d | ||
| 020 | _a9788131715727 | ||
| 040 | _cceme | ||
| 082 | _a004.6 ODO | ||
| 100 |
_aOdom, Wendell _968617 |
||
| 245 | _aCCENT/CCNA ICND 1 , OFFICIAL EXAM CERTIFICATION GUIDE | ||
| 250 | _a2ND | ||
| 260 |
_aINDIA _bPEARSON EDUCATION _c2011 |
||
| 300 | _aXIV,641P | ||
| 650 |
_aCCENT - CCNA ICND 1.CISCO _968618 |
||
| 942 |
_cBK _2ddc |
||
| 999 |
_c576143 _d576143 |
||